Propadleek songs - Statistics

General Stats
  • This quiz has been taken 20 times
    10 since last reset
  • The average score is 25 of 35
Answer Stats
Hint Answer % Correct
6 Druhá tvář
100%
19 Kdo je Hanych?
100%
34 Máří
100%
29 Nouzový signály
100%
1 ONA
100%
4 Pod pantoflí
100%
3 Přestaň pít
100%
31 Věř
100%
26 Amígo
75%
14 Balón
75%
20 Bláznivé děti
75%
16 Inspirace
75%
23 Jarka
75%
32 Mešuge
75%
21 Míříš dál
75%
22 Neřeš
75%
7 Oceán
75%
2 Skvělý
75%
30 Šmouha
75%
18 Svět záhad
75%
11 Tetování
75%
5 Ty mi za to stojíš
75%
27 Všechno co máme
75%
15 Zapomenout
75%
13 Zastávka snů
75%
17 Opozdilec
50%
8 Pátek 13. (Máří)
50%
10 Sněhulák
50%
28 V hrsti
50%
9 Život
50%
25 Jsem zkouřenej
25%
12 Podívej se
25%
33 Prokletí
25%
35 Teď už víš
25%
24 Tonda
25%
No matching quizzes found
Score Distribution
Percent of People with Each Score
Percentile by Number Answered
Your Score History
You have not taken this quiz since the last reset